International Desserts Multiple Choice - II - Statistics

General Stats
  • This quiz has been taken 11 times
  • The average score is 4 of 15
Answer Stats
Question Answer % Correct
Crème brûlée
80%
Dundee cake
50%
Lamington
50%
Eton mess
40%
Fairy bread
40%
Moorkop
30%
Anpan
30%
Pączki
20%
Hotteok
20%
Panellet
20%
Zefir
20%
Rasmalai
10%
Pistiddu
10%
Tulumba
10%
Douhua
0%
No matching quizzes found
Score Distribution
Percent of People with Each Score
Percentile by Number Answered
Your Score History
You have not taken this quiz